Clinical aspects of dental materials : (Record no. 28349)

MARC details
000 -LEADER
fixed length control field 02114aam a2200409 a 4500
001 - CONTROL NUMBER
control field 014276389
003 - CONTROL NUMBER IDENTIFIER
control field EG-ScBUE
005 - DATE AND TIME OF LATEST TRANSACTION
control field 20200317101122.0
008 - FIXED-LENGTH DATA ELEMENTS--GENERAL INFORMATION
fixed length control field 071022t2009 paua f 001 0 eng d
020 ## - INTERNATIONAL STANDARD BOOK NUMBER
International Standard Book Number 9781451108972
040 ## - CATALOGING SOURCE
Original cataloging agency StDuBDS
Language of cataloging eng
Description conventions rda
Transcribing agency StDuBDS
Modifying agency Uk
-- EG-ScBUE
082 04 - DEWEY DECIMAL CLASSIFICATION NUMBER
Classification number 617.695
Item number GLA
Edition number 22
100 1# - MAIN ENTRY--PERSONAL NAME
Personal name Stewart, Marcia‏
Fuller form of name (Marcia A.)
Relator term author.
245 10 - TITLE STATEMENT
Title Clinical aspects of dental materials :
Remainder of title theory, practice, and cases /
Statement of responsibility, etc Marcia Gladwin, R.D.H., E.d.D., professor, Departmrnt of Periodontics, Division of Dental Hygiene, West Virginia University, School of Dentistry, Morgantown, West Virginia, Michael Bagby, D.D.S., Ph.D., professor, Division of Pediatric Dentistry, West Virginia University, School of Dentistry, Morgantown, West Virginia.
250 ## - EDITION STATEMENT
Edition statement Third edition.
264 #1 - PUBLICATION, DISTRIBUTION, ETC. (IMPRINT)
Place of publication, distribution, etc Philadelphia :
Name of publisher, distributor, etc Wolters Kluwer Health/Lippincott Williams & Wilkins,
Date of publication, distribution, etc [2009]
264 #4 - PUBLICATION, DISTRIBUTION, ETC. (IMPRINT)
Date of publication, distribution, etc c2009
300 ## - PHYSICAL DESCRIPTION
Extent xiv, 481 pages :
Other physical details illustrations ;
Dimensions 28 cm
336 ## - CONTENT TYPE
Content type term text
Source rdacontent
Content type code txt
337 ## - MEDIA TYPE
Media type term unmediated
Source rdamedia
Media type code n
338 ## - CARRIER TYPE
Carrier type term volume
Source rdacarrier
Carrier type code nc
500 ## - GENERAL NOTE
General note Includes appendices.
500 ## - GENERAL NOTE
General note Includes index.
520 ## - SUMMARY, ETC.
Summary, etc Provides dental hygiene students with a practical understanding of dental materials and materials science. This title includes 'Theoretical Perspectives' that cover the basics, science, and theory of dental materials. It also includes 'Laboratory/Clinical Applications' that relates materials science to clinical dental hygiene practice.
650 #7 - SUBJECT ADDED ENTRY--TOPICAL TERM
Topical term or geographic name as entry element Dental materials.
Source of heading or term BUEsh
650 #7 - SUBJECT ADDED ENTRY--TOPICAL TERM
Topical term or geographic name as entry element Dental casting.
Source of heading or term BUEsh
650 #7 - SUBJECT ADDED ENTRY--TOPICAL TERM
Topical term or geographic name as entry element Dental Materials
Source of heading or term BUEsh
653 ## - INDEX TERM--UNCONTROLLED
Resource For college Dentistry
Arrived date list March2020
655 ## - INDEX TERM--GENRE/FORM
Form subdivision Reading book
9 (RLIN) 34232
700 1# - ADDED ENTRY--PERSONAL NAME
Personal name Bagby, Michael
Fuller form of name (Michael D.).
Relator term author.
856 42 - ELECTRONIC LOCATION AND ACCESS
Materials specified Publisher description
Uniform Resource Identifier <a href="http://www.loc.gov/catdir/enhancements/fy0835/2007043567-d.html">http://www.loc.gov/catdir/enhancements/fy0835/2007043567-d.html</a>
856 41 - ELECTRONIC LOCATION AND ACCESS
Materials specified Table of contents only
Uniform Resource Identifier <a href="http://www.loc.gov/catdir/enhancements/fy0835/2007043567-t.html">http://www.loc.gov/catdir/enhancements/fy0835/2007043567-t.html</a>
942 ## - ADDED ENTRY ELEMENTS (KOHA)
Source of classification or shelving scheme Dewey Decimal Classification
Koha item type Book - Borrowing
Holdings
Withdrawn status Lost status Source of classification or shelving scheme Damaged status Not for loan Collection code Home library Current library Shelving location Date acquired Source of acquisition Total Checkouts Full call number Barcode Date last seen Price effective from Koha item type
    Dewey Decimal Classification     Baccah Central Library Central Library First floor 17/03/2020 Purchase   617.695 GLA 000049019 15/07/2025 17/03/2020 Book - Borrowing
    Dewey Decimal Classification     Baccah Central Library Central Library First floor 06/09/2020 Purchase   617.695 GLA 000049562 15/07/2025 06/09/2020 Book - Borrowing